Мониторинг окружающей среды; Химия и химическая технология в XXI веке; Т. 2

Detaylı Bibliyografya
Parent link:Химия и химическая технология в XXI веке: материалы XIV Всероссийской научно-практической конференции имени профессора Л.П. Кулёва студентов и молодых ученых с международным участием, Томск, 13-16 мая 2013 г/ Национальный исследовательский Томский политехнический университет (ТПУ).— , 2013
Т. 2.— 2013.— [С. 231-233]
Yazar: Тхорик О. В.
Müşterek Yazar: Национальный исследовательский Томский политехнический университет (ТПУ) Институт природных ресурсов (ИПР) Кафедра технологии органических веществ и полимерных материалов (ТОВПМ)
Diğer Yazarlar: Барнашова Т. Н. (научный руководитель), Волгина Т. Н. Татьяна Николаевна
Özet:Заглавие с титульного экрана
Dil:Rusça
Baskı/Yayın Bilgisi: 2013
Seri Bilgileri:Охрана окружающей среды и рациональное использование природных ресурсов
Konular:
Online Erişim:http://www.lib.tpu.ru/fulltext/c/2013/C27/V2/119.pdf
Materyal Türü: MixedMaterials Elektronik Kitap Bölümü
KOHA link:https://koha.lib.tpu.ru/cgi-bin/koha/opac-detail.pl?biblionumber=242604

MARC

LEADER 00000naa2a2200000 4500
001 242604
005 20251211133917.0
035 |a (RuTPU)RU\TPU\book\263921 
035 |a RU\TPU\book\263875 
090 |a 242604 
100 |a 20130906d2013 k y0rusy50 ca 
101 0 |a rus 
102 |a RU 
135 |a drcn ---uucaa 
181 0 |a i  
182 0 |a b 
200 1 |a Мониторинг окружающей среды  |f О. В. Тхорик  |g науч. рук. Т. Н. Барнашова ; науч. рук. Т. Н. Волгина 
203 |a Текст  |c электронный 
225 1 |a Охрана окружающей среды и рациональное использование природных ресурсов 
300 |a Заглавие с титульного экрана 
337 |a Adobe Reader 
461 1 |0 (RuTPU)RU\TPU\book\259433  |t Химия и химическая технология в XXI веке  |o материалы XIV Всероссийской научно-практической конференции имени профессора Л.П. Кулёва студентов и молодых ученых с международным участием, Томск, 13-16 мая 2013 г  |o в 2 т.  |f Национальный исследовательский Томский политехнический университет (ТПУ)  |d 2013 
463 1 |0 (RuTPU)RU\TPU\book\259439  |t Т. 2  |v [С. 231-233]  |d 2013 
610 1 |a труды учёных ТПУ 
610 1 |a электронный ресурс 
610 1 |a мониторинг 
610 1 |a окружающая среда 
700 1 |a Тхорик  |b О. В. 
702 1 |a Барнашова  |b Т. Н.  |4 727 
702 1 |a Волгина  |b Т. Н.  |c химик  |c доцент Томского политехнического университета, кандидат химических наук  |g Татьяна Николаевна  |4 727 
712 0 2 |a Национальный исследовательский Томский политехнический университет (ТПУ)  |b Институт природных ресурсов (ИПР)  |b Кафедра технологии органических веществ и полимерных материалов (ТОВПМ)  |3 (RuTPU)RU\TPU\col\18659 
801 2 |a RU  |b 63413507  |c 20151223  |g RCR 
856 4 |u http://www.lib.tpu.ru/fulltext/c/2013/C27/V2/119.pdf 
942 |c CF